000 00619nam a2200205 u 4500
005 20240228064018.0
008 100830s2007 cl r 000 0 spa d
020 _a9789583025617
035 _aUPN01000177570
049 _aI
050 4 _aPZ78
_bE2.3
100 1 _aEchavarría Acevedo, Albeiro Antonio
245 1 0 _aCristina Zanahoria /
_cAlbeiro Echavarría ; il. de Rocío Parra Parra.
260 _aBogotá :
_bPanamericana,
_c2007.
300 _a86 p. :
_bil. col.
440 0 _aCorcel
650 0 _aCuentos infantiles colombianos
_94407
650 4 _aLibros y lectura para niños
_92290
905 _aInfantil
999 _c149673
_d149673